Statistics for NBA Jersey Sponsors

Click here to take the quiz!

General Stats

  • This quiz has been taken 9 times
  • The average score is 3 of 15

Answer Stats

TeamSponsor% Correct
BucksHarley-Davidson
71%
MagicDisney
43%
CelticsGE
43%
76ersStubHub
43%
LakersWish
43%
CavaliersGoodyear
29%
RaptorsSun Life
29%
TimberwolvesFitbit
14%
WarriorsRakuten
14%
NuggetsWestern Union
14%
KingsBlue Diamond
0%
PistonsFlagstar
0%
NetsInfor
0%
JazzQualtries
0%
HawksSharecare
0%

Score Distribution

Percentile by Number Answered

Percent of People with Each Score

Your Score History

You have not taken this quiz